| 000 | 00533nam a2200205Ia 4500 | ||
|---|---|---|---|
| 005 | 20250508151014.0 | ||
| 008 | 008 250505s9999 xx 000 0 eng d | ||
| 037 | _aTextual | ||
| 040 |
_aFEDL _beng _cFEDL |
||
| 041 |
_aeng _2eng |
||
| 084 |
_a152, MON _qFEDL |
||
| 100 |
_aMongrieff R W _9758175 |
||
| 245 | 0 | _aChemical senses | |
| 260 |
_aLondon, UK _bLeonard Hill Limited _c1951 |
||
| 300 | _avii,538p. | ||
| 365 |
_aINR _b19 |
||
| 650 | _aPerception | ||
| 942 |
_cTEXL _h152, MON |
||
| 999 |
_c1326998 _d1326998 |
||